书目信息 |
| 题名: |
菲律宾革命
|
|
| 作者: | 赛迪 著 ;林启森 , 李永锡 译 | |
| 分册: | ||
| 出版信息: | 广州 广东人民出版社 1979.10 |
|
| 页数: | 482页 | |
| 开本: | 20cm | |
| 丛书名: | ||
| 单 册: | ||
| 中图分类: | K341.4 | |
| 科图分类: | ||
| 主题词: | 亚洲--历史 | |
| 电子资源: | ||
| ISBN: | ||
| 000 | 00767nam0 2200265 45 | |
| 001 | 0212161514 | |
| 005 | 20031219104102.3 | |
| 010 | @dCNY1.55 | |
| 091 | @a11111.41 | |
| 100 | @a20021216d1979 km y0chiy0120 ea | |
| 101 | 0 | @achi |
| 105 | @a z 000yy | |
| 200 | 1 | @a菲律宾革命@AFei Lu Bin Ge Ming@f(菲)格雷戈里奥·F·赛迪著@F(Fei)Ge Lei Ge Li Ao·F·Sai Di Zhu@g林启森译@g李永锡订 |
| 210 | @a广州@c广东人民出版社@d1979.10 | |
| 215 | @a482页@d20cm | |
| 300 | @a根据马尼拉现代图书公司1954年版本译出 | |
| 306 | @a内部发行 | |
| 320 | @a附录:索引 | |
| 606 | 0 | @a亚洲@x历史 |
| 690 | @aK341.4@v3 | |
| 701 | 0 | @a赛迪@4著 |
| 702 | 0 | @a林启森@ALin Qi Sen@4译 |
| 702 | 0 | @a李永锡@4订@ALi Yong Xi |
| 801 | @aCN@bTSTC@c20021216 | |
| 905 | @f1@b219196@dK341.4@e3 | |
| 菲律宾革命/(菲)格雷戈里奥·F·赛迪著/林启森译/李永锡订.-广州:广东人民出版社,1979.10 |
| 482页;20cm |
| 根据马尼拉现代图书公司1954年版本译出 |
| ISBN :CNY1.55 |
| ● |
| 相关链接 |
|
|
|
|
正题名:菲律宾革命
索取号:K341.4/3
 
预约/预借
| 序号 | 登录号 | 条形码 | 馆藏地/架位号 | 状态 | 备注 |
| 1 | 0219196 | 001736955 | 第二样本阅览室/ [索取号:K341.4/3] | 在馆 |